000 00749nam a22002537a 4500
001 6598
003 FISKH
005 20250513094827.0
008 250513b cb ||||| |||| 00| 0 eng d
040 _aFISKH
_beng
_cFISKH
_dFISKH
050 _aPZ7.B636
082 _a532
100 _aBogart, Jo Ellen
245 _a10 for dinner /
_cJo Ellen Bogart ; Illustrated by Carlos Freire
260 _aToronto :
_bScholastic,
_c1989.
300 _a20 pages :
_bcolor illustrations ;
_c21 ​x​ 26 cm
505 _aI
520 _aMargo has invited 10 friends for dinner on her birthday.
521 8 _a430
_bLexile AD
521 8 _aI
_bRaz-Plus
650 _aAddition
_vFriendship
_xCounting
942 _2ddc
_cBK
_n0
999 _c6598
_d6598